Turecko je perspektívnou krajinou aj pre slovenských podnikateľov

Postavenie Turecka medzi vyspelými krajinami sveta. Turecko je členom OECD a asociovanou krajinou EÚ. Vývoj tureckej ekonomiky od druhej svetovej vojny. Najväčší obchodní partneri Turecka - Nemecko, USA, V. Británia, Taliansko, Francúzsko a Fínsko. Vzájomný obchodný obrat Slovenska a Turecka. Dohody...

Ausführliche Beschreibung

Gespeichert in:
Bibliographische Detailangaben
1. Verfasser: Repková, Jitka
Format: Buchkapitel
Sprache:Slowakisch
Schlagworte:
Tags: Tag hinzufügen
Keine Tags, Fügen Sie das erste Tag hinzu!

MARC

LEADER 00000naa a2200000 4500
001 r035804
005 20230921103734.5
041 0 |a slo 
044 |a SK 
245 1 0 |a Turecko je perspektívnou krajinou aj pre slovenských podnikateľov  |c Jitka Repková 
520 |a Postavenie Turecka medzi vyspelými krajinami sveta. Turecko je členom OECD a asociovanou krajinou EÚ. Vývoj tureckej ekonomiky od druhej svetovej vojny. Najväčší obchodní partneri Turecka - Nemecko, USA, V. Británia, Taliansko, Francúzsko a Fínsko. Vzájomný obchodný obrat Slovenska a Turecka. Dohody o spolupráci. Vytvorenie Slovensko-tureckej podnikateľskej rady. 
610 2 0 |a spolupráca hospodárska medzinárodná 
610 2 0 |a obchod zahraničný 
610 2 0 |a vývoz 
610 2 0 |a dovoz 
610 2 0 |a podnikanie v zahraničí 
610 2 0 |a vývoj hospodársky 
610 2 0 |a Slovensko 
610 2 0 |a Turecko 
100 1 |a Repková, Jitka